000 01312nam0a2200349 4500
001 RU\NLR\bibl\827136
005 20250614140548.0
010 _a5-901900-24-3
_970
021 _aRU
_b2005-36146
_91798
035 _a(NLR Aleph) 000816032
090 _a1271291
_c1271291
100 _a20050802d2004 |||y0rusy50 ca
101 0 _arus
102 _aRU
105 _aa |||||||||
200 1 _aДостижения, просчеты и противоречия при изучении этой загадочной Прикаспийской впадины
_fК.Х. Бакиров, Н.К. Бакиров
210 _aУфа
_cВиртуал
_d2004
215 _a47 с.
_cил.
_d29
320 _aБиблиогр.: с. 42-46 (36 назв.)
606 1 _aНефтегазоносные районы
_yПрикаспийская синеклиза
_92390042
_3RU\NLR\auth\661425382
607 _aПрикаспийская синеклиза
_xТектоника
_91959320
_3RU\NLR\AUTH\66896745
686 _aД399(2Р355.7)
686 _aД454.1-09(2Р355.7)
700 1 _aБакиров
_bК. Х.
_4070
701 1 _aБакиров
_bН. К.
_4070
801 0 _aRU
_bNLR
_c20050802
_grcr
801 1 _aRU
_bNLR
_c20050802
942 _cBOOK
980 _aNB
980 _aNBR